La maravillosa medicina de Jorge / (Registro nro. 7409)
[ vista simple ]
| 000 -CABECERA | |
|---|---|
| Longitud fija campo de control | 01038nam a2200241Ia 4500 |
| 008 - • CÓDIGOS DE INFORMACIÓN DE LONGITUD FIJA | |
| Códigos de información de longitud fija | 161108s9999 xx 000 0 und d |
| 020 ## - • NÚMERO INTERNACIONAL NORMALIZADO PARA LIBROS | |
| Número Internacional Normalizado para Libros (ISBN) | 9789585937826 |
| 040 ## - FUENTE DE LA CATALOGACIÓN | |
| Centro catalogador de origen | CO-BoRNBP |
| Lengua de catalogación | spa |
| Normas de descripción | rda |
| Centro transcriptor | CO-BoRNBP |
| 084 ## - • Clasificación Local Alfanúmerica PNLB | |
| Número de clasificación | N DAH1 |
| 100 ## - • PUNTO DE ACCESO PRINCIPAL-NOMBRE DE PERSONA | |
| Nombre de persona | Dahl, Roald, 1916-1990 |
| 245 ## - • TITULO PROPIAMENTE DICHO | |
| Título | La maravillosa medicina de Jorge / |
| Mención de responsabilidad, etc. | Roald Dahl ; ilustraciones de Quentin Blake ; traducido por Maribel de Juan |
| 250 ## - • MENCIÓN DE EDICIÓN | |
| Mención de edición | Primera edición, 1a reimpresión |
| 264 ## - PRODUCCIÓN, PUBLICACIÓN , DISTRIBUCIÓN, FABRICACIÓN Y COPYRIGHT | |
| Lugar de producción, publicación, distribución, fabricación | Bogotá : |
| Nombre del productor, editor, distribuidor, fabricante | Loqueleo |
| 300 ## - • DESCRIPCIÓN FÍSICA | |
| Extensión | 137 páginas : |
| Otras características físicas | ilustraciones en blanco y negro ; |
| Dimensiones | 20 cm |
| 336 ## - TIPO DE CONTENIDO | |
| Término de tipo de contenido | texto |
| Código de tipo de contenido | txt |
| Fuente | rdacontent |
| 337 ## - TIPO DE MEDIO | |
| Nombre del tipo de medio | sin mediación |
| Código del tipo de medio | n |
| Fuente | rdamedia |
| 338 ## - TIPO DE SOPORTE | |
| Nombre del tipo de soporte | volumen |
| Código del tipo de soporte | nc |
| Fuente | rdacarrier |
| 490 ## - • MENCIÓN DE SERIE | |
| Mención de serie | Roald Dahl : + 10 |
| 500 ## - • NOTA GENERAL | |
| Nota general | Título original: George´s marvellous medicine |
| 650 ## - • PUNTO DE ACCESO ADICIONAL DE MATERIA - TÉRMINO DE MATERIA | |
| Término de materia o nombre geográfico como elemento inicial | Literatura Infantil Inglesa / Novela Infantil Inglesa / Autores Ingleses / Animales De La Granja - Novela / Poderes Magicos - Novela / Abuelas - Novela / Humor - Novela / Desde Los 6 A{Aelig}Os |
| 700 ## - • PUNTO DE ACCESO ADICIONAL - NOMBRE DE PERSONA | |
| Nombre de persona | Blake, Quentin \\ Juan, Maribel de |
| 942 ## - ENTRADA DE ELEMENTOS AGREGADOS (KOHA) | |
| Fuente de clasificaión o esquema | |
No hay ítems disponibles.